ENHYPEN all songs (January 2026 update) - Statistics

General Stats
  • This quiz has been taken 4,829 times
    330 since last reset
  • The average score is 49 of 81
Answer Stats
Hint Answer % Correct
DARK BLOOD Bite Me
93%
BORDER : DAY ONE Given-Taken
91%
ROMANCE : UNTOLD XO (Only If You Say Yes)
91%
THE SIN : VANISH Knife
90%
BORDER : CARNIVAL Drunk-Dazed
89%
ORANGE BLOOD Sweet Venom
88%
DESIRE : UNLEASH Bad Desire (With or Without You)
86%
MANIFESTO : DAY 1 Future Perfect (Pass the MIC)
86%
BORDER : CARNIVAL FEVER
85%
DARK BLOOD Chaconne
82%
ROMANCE : UNTOLD -daydream- No Doubt
81%
DIMENSION : ANSWER Blessed-Cursed
80%
THE SIN : VANISH Big Girls Don’t Cry
79%
English digital single Loose
79%
DIMENSION : DILEMMA Tamed-Dashed
79%
ROMANCE : UNTOLD -daydream- Daydream
78%
ROMANCE : UNTOLD Moonstruck
78%
DARK BLOOD Sacrifice (Eat Me Up)
78%
DIMENSION : DILEMMA Go Big or Go Home
76%
MANIFESTO : DAY 1 ParadoXXX Invasion
76%
DIMENSION : ANSWER Polaroid Love
76%
DARK BLOOD Bills
74%
BORDER : DAY ONE Flicker
74%
ORANGE BLOOD Orange Flower (You Complete Me)
74%
DESIRE : UNLEASH Outside
74%
MANIFESTO : DAY 1 SHOUT OUT
74%
DESIRE : UNLEASH Helium
73%
BORDER : DAY ONE Let Me In (20 CUBE)
73%
ROMANCE : UNTOLD Highway 1009
72%
THE SIN : VANISH No Way Back
72%
ORANGE BLOOD Still Monster
71%
BORDER : DAY ONE 10 Months
70%
ROMANCE : UNTOLD Brought The Heat Back
70%
DARK BLOOD Karma
68%
THE SIN : VANISH Lost Island
68%
BORDER : CARNIVAL Not For Sale
67%
DIMENSION : DILEMMA Blockbuster
66%
THE SIN : VANISH Stealer
66%
ROMANCE : UNTOLD Your Eyes Only
66%
結 -YOU- BLOSSOM
65%
ROMANCE : UNTOLD Paranormal
65%
DESIRE : UNLEASH Too Close
64%
DESIRE : UNLEASH Flashover
63%
BORDER : CARNIVAL Mixed Up
63%
THE SIN : VANISH Sleep Tight
63%
ORANGE BLOOD Blind
62%
other releases Fatal Trouble
62%
ROMANCE : UNTOLD Royalty
61%
other releases CRIMINAL LOVE
59%
DIMENSION : DILEMMA Upper Side Dreamin’
59%
DIMENSION : DILEMMA Attention, please!
57%
ROMANCE : UNTOLD Hundred Broken Hearts
57%
other releases Teeth
57%
宵 -YOI- Echoes
55%
other releases Hey Tayo
55%
DIMENSION : DILEMMA Just A Little Bit
55%
ORANGE BLOOD Mortal
55%
MANIFESTO : DAY 1 TFW (That Feeling When)
55%
other releases Lucifer
54%
other releases One In A Billion
52%
other releases Billy Poco
51%
Japanese pre-release (宵 -YOI-) Shine On Me
51%
MANIFESTO : DAY 1 Foreshadow
50%
DIMENSION : 閃光 (Senkou) Always
49%
other releases Scream
47%
BORDER: Hakanai(儚い) Forget Me Not
43%
other releases One and Only
38%
other releases I Need The Light
33%
定め(SADAME) Make the change
32%
other releases Home
31%
other releases What Makes You Beautiful
30%
other releases Demons
29%
other releases I NEED U
25%
other releases Confessions
24%
THE SIN : VANISH The Fugitives
23%
THE SIN : VANISH The Voice
21%
THE SIN : VANISH Witnesses
21%
other releases ZERO MOMENT
21%
other releases A Kind Of Magic
20%
other releases Keep Swimmin' Through
19%
other releases Mistletoe
6%
No matching quizzes found
Score Distribution
Percent of People with Each Score
Percentile by Number Answered
Your Score History
You have not taken this quiz since the last reset